Kraje z największą ilością miast - Statystyki

Ogólne statystyki
  • Ten quiz został rozwiązany 535 razy
    154 od ostatniego zresetowania
  • Średni wynik to 15 z 20
Statystyki odpowiedzi
>100 tyś >1 mln Kraj % Poprawnych
300 10 Stany Zjednoczone
98%
360 65 Chiny
97%
201 12 Rosja
96%
213 15 Brazylia
94%
396 40 Indie
94%
191 13 Japonia
88%
121 12 Indonezja
81%
49 9 Południowa Afryka
80%
76 6 Turcja
74%
14 5 Australia
72%
39 9 Korea Południowa
72%
80 7 Nigeria
72%
59 8 Pakistan
72%
60 6 Iran
70%
20 4 Arabia Saudyjska
58%
36 4 Kolumbia
55%
22 5 Irak
54%
88 6 Filipiny
50%
41 5 Ukraina
50%
39 4 Wenezuela
37%
Nie znaleziono quizów pasujących do podanych kryteriów
Rozkład punktacji
Procent ludzi z każdym wynikiem
Percentyl według liczby udzielonych odpowiedzi
Twoja historia wyników
Nie rozwiązałeś tego quizu od ostatniego zresetowania